Statistics for US States Without Toll Roads

Click here to take the quiz!

General Stats

  • This quiz has been taken 115 times
  • The average score is 10 of 14

Answer Stats

State% Correct
Montana
90%
Wyoming
85%
North Dakota
84%
Idaho
81%
South Dakota
81%
Hawaii
76%
Arizona
73%
Arkansas
72%
Iowa
72%
New Mexico
72%
Mississippi
52%
Wisconsin
48%
Tennessee
45%
Connecticut
19%

Score Distribution

Percentile by Number Answered

Percent of People with Each Score

Your Score History

You have not taken this quiz